Brick city : (Record no. 153762)

MARC details
000 -LEADER
fixed length control field 01077cam a2200301 a 4500
001 - CONTROL NUMBER
control field vtls003254011
003 - CONTROL NUMBER IDENTIFIER
control field MY-SjTCS
005 - DATE AND TIME OF LATEST TRANSACTION
control field 20200226115801.0
008 - FIXED-LENGTH DATA ELEMENTS--GENERAL INFORMATION
fixed length control field 130903r20132013nyua 001 0 eng d
020 ## - INTERNATIONAL STANDARD BOOK NUMBER
International Standard Book Number 9781438002491 (pbk.)
020 ## - INTERNATIONAL STANDARD BOOK NUMBER
International Standard Book Number 1438002491 (pbk.)
039 #9 - LEVEL OF BIBLIOGRAPHIC CONTROL AND CODING DETAIL [OBSOLETE]
Level of rules in bibliographic description 201801021042
Level of effort used to assign nonsubject heading access points VLOAD
Level of effort used to assign subject headings 201312241052
Level of effort used to assign classification pushpa
Level of effort used to assign subject headings 201312231645
Level of effort used to assign classification izani
-- 201309031114
-- malathy
082 04 - DEWEY DECIMAL CLASSIFICATION NUMBER
Classification number 720.228
Item number BRI 2013
245 00 - TITLE STATEMENT
Title Brick city :
Remainder of title global icons to make from Lego /
Statement of responsibility, etc. Warren Elsmore.
250 ## - EDITION STATEMENT
Edition statement 1st ed. for the U.S. and Canada.
260 ## - PUBLICATION, DISTRIBUTION, ETC.
Place of publication, distribution, etc. Hauppauge, NY :
Name of publisher, distributor, etc. Barron's,
Date of publication, distribution, etc. 2013.
300 ## - PHYSICAL DESCRIPTION
Extent 256 p. :
Other physical details col. ill. ;
Dimensions 24 cm. +
Accompanying material 2 pull-out col. posters.
500 ## - GENERAL NOTE
General note "A Quintet book"--T.p. verso.
500 ## - GENERAL NOTE
General note Originally published: London : Mitchell Beazley, 2013.
500 ## - GENERAL NOTE
General note Includes index.
650 #0 - SUBJECT ADDED ENTRY--TOPICAL TERM
Topical term or geographic name entry element Architectural models.
650 #0 - SUBJECT ADDED ENTRY--TOPICAL TERM
Topical term or geographic name entry element Toy making.
9 (RLIN) 70108
650 #0 - SUBJECT ADDED ENTRY--TOPICAL TERM
Topical term or geographic name entry element Models and modelmaking.
9 (RLIN) 35649
650 #0 - SUBJECT ADDED ENTRY--TOPICAL TERM
Topical term or geographic name entry element Buildings, structures, etc.
General subdivision Toy making.
650 #0 - SUBJECT ADDED ENTRY--TOPICAL TERM
Topical term or geographic name entry element LEGO toys.
9 (RLIN) 14637
700 1# - ADDED ENTRY--PERSONAL NAME
Personal name Elsmore, Warren.
9 (RLIN) 69511
920 ## - Programme
Programme GENSH : 203212
Holdings
Withdrawn status Lost status Source of classification or shelving scheme Damaged status Not for loan Home library Current library Date acquired Cost, normal purchase price Total Checkouts Barcode Date last seen Date last checked out Copy number Uniform Resource Identifier Cost, replacement price Koha item type Public note
    Dewey Decimal Classification     Taylor's Library-TC Taylor's Library-TC 16/10/2013 79.90 2 5000143426 05/12/2019 20/06/2014 1 Floor 4, Shelf 40 , Side 1, TierNo 2, BayNo 4 79.90 Main Collection GENSH,GENSH,02,CL